Trophées du Football club Sochaux-Montbéliard. - Statistiques

Statistiques générales
  • Ce quiz a été pris 80 fois
  • Le résultat moyen est 8 sur 10
Statistiques - réponses
Années Réponses % Correct
1937 coupe de france
98%
2007 coupe de france
98%
1935 ligue 1
95%
1938 ligue 1
95%
2004 coupe de la ligue
92%
1947 ligue 2
81%
2001 ligue 2
81%
1983 coupe gambardella
39%
2007 coupe gambardella
39%
2015 coupe gambardella
39%
Aucun quiz correspondant
Distribution des résultats
% des personnes avec chaque résultat
Percentile par nombre de réponses
Votre historique - résultats
Vous n’avez pas pris ce quiz